Social justice and crime in India: tribals and corrective justice (Record no. 382557)

000 -LEADER
fixed length control field 00452cam a22001457a 4500
008 - FIXED-LENGTH DATA ELEMENTS--GENERAL INFORMATION
fixed length control field 180718b1996 xxu||||| |||| 00| 0 eng d
020 ## - INTERNATIONAL STANDARD BOOK NUMBER
International Standard Book Number 8185809135
082 ## - DEWEY DECIMAL CLASSIFICATION NUMBER
Classification number H52x54 An81
100 ## - MAIN ENTRY--PERSONAL NAME
Personal name Ansari, M.A.
245 ## - TITLE STATEMENT
Title Social justice and crime in India: tribals and corrective justice
Statement of responsibility, etc. by M.A. Ansari
260 ## - PUBLICATION, DISTRIBUTION, ETC.
Place of publication, distribution, etc. Jaipur
Name of publisher, distributor, etc. Sublime
Date of publication, distribution, etc. 1996
300 ## - PHYSICAL DESCRIPTION
Extent 400p.
650 ## - SUBJECT ADDED ENTRY--TOPICAL TERM
Topical term or geographic name entry element Tribals - Crimes - India
650 ## - SUBJECT ADDED ENTRY--TOPICAL TERM
Topical term or geographic name entry element Criminal justice, Administration of - India
Holdings
Withdrawn status Lost status Damaged status Not for loan Permanent Location Current Location Date acquired Full call number Barcode Date last seen Price effective from Koha item type
        Indian Institute of Public Administration Indian Institute of Public Administration 1998-01-06 H52x54 An81 72693 2018-07-21 2018-07-21 Book

Powered by Koha